000 00988nam a2200253Ia 4500
003 IN-BaIIA
008 211028s9999 xx s 000 0 eng d
020 _a978-3-642-37367-1 (Print)
020 _a978-3-642-37368-8 (Online)
022 _a2191-8112 (Print)
022 _a2191-8120 (Online)
040 _cIIA Library
100 _aTennina, Stefano
_938951
245 0 _aIEEE 802.15.4 and ZigBee as Enabling Technologies for Low-Power Wireless Systems with Quality-of-Service Constraints
_h[eBook]
260 _aHeidelberg, Berlin
_bSpringer Berlin Heidelberg
_c2013
300 _aOnline resource
490 _aSpringerBriefs in Electrical and Computer Engineering
650 _a Communications Engineering, Networks
650 _a Information Systems Applications (incl.Internet)
_938952
650 _a Signal, Image and Speech Processing
_938464
650 _aEngineering
_981
856 _uhttp://doi.org/10.1007/978-3-642-37368-8
_yClick Here to Access eBook
942 _cEB
999 _c21003
_d21003